NBA2K Cover Athletes (2004-2018) - Statistics

General Stats
  • This quiz has been taken 441 times
  • The average score is 9 of 15
Answer Stats
Year Answer % Correct
2014 Lebron James
88%
2015 Kevin Durant
81%
2018 Kyrie Irving
77%
2010 Kobe Bryant
75%
2017 Paul George
74%
2004 Allen Iverson
72%
2012 Michael Jordan
69%
2011 Michael Jordan
69%
2007 Shaquille O'Neal
60%
2006 Shaquille O'Neal
60%
2009 Kevin Garnett
54%
2008 Chris Paul
49%
2005 Ben Wallace
37%
2016 Curry, Harden, and Davis
1%
2013 Durant, Rose, and Griffin
1%
No matching quizzes found
Score Distribution
Percent of People with Each Score
Percentile by Number Answered
Your Score History
You have not taken this quiz